Welcome to the Holygrace Academy Library

Please use search bar below to get started

MATHEMATICS QUIZ BOOK (Record no. 6704)

MARC details
000 -LEADER
fixed length control field 00324nam a22001457a 4500
020 ## - INTERNATIONAL STANDARD BOOK NUMBER
ISBN 10-81-223-0361-3
082 ## - DEWEY DECIMAL CLASSIFICATION NUMBER
Classification number 001
Item number GAR/M
100 ## - MAIN ENTRY--AUTHOR NAME
Personal name GARG, RAJIV
245 ## - TITLE STATEMENT
Title MATHEMATICS QUIZ BOOK
260 ## - PUBLICATION, DISTRIBUTION, ETC. (IMPRINT)
Place of publication NEW DELHI
Name of publisher PUSTAK MAHAL
Year of publication 2011
300 ## - PHYSICAL DESCRIPTION
Number of Pages 216
520 ## - SUMMARY, ETC.
Summary, etc MATHEMATICS QUIZ
650 ## - SUBJECT ADDED ENTRY--TOPICAL TERM
Topical Term MATHS QUIZ
942 ## - ADDED ENTRY ELEMENTS (KOHA)
Koha item type Books
Holdings
Withdrawn status Lost status Collection code Home library Current library Shelving location Date acquired Source of acquisition Cost, normal purchase price Full call number Accession Number Koha item type
    Fiction Main Library Main Library SHELF-17C--MATHS RELATED QUIZ BOOK 06/10/2015 Purchase 100.00 001 GAR/M 03774 Books